| 000 | 00436nam a2200169Ia 4500 | ||
|---|---|---|---|
| 008 | 230711s9999||||xx |||||||||||||| ||und|| | ||
| 020 | _a978-93-85909-13-9 | ||
| 041 | _aENG | ||
| 082 |
_a540 _bJO-E |
||
| 100 | _aJoshi,Payal B | ||
| 245 | 0 | _aExperiments in engineering Chemistry | |
| 250 | _a1st Ed. | ||
| 260 |
_c2016 _aNew Delhi _bI.K.International Publishing House Pvt.Ltd |
||
| 300 | _a141p. | ||
| 650 | _aChemistry | ||
| 942 | _cBK | ||
| 999 |
_c6179 _d6179 |
||